[Event "Turkey Cup 2020"]
[Site "Antalya-Belek"]
[Date "2020.01.27"]
[Round "2.60"]
[White "Pek, Efe Can"]
[Black "Can, Furkan"]
[Result "1-0"]
[WhiteElo "1602"]
[BlackElo "1980"]
[Annotator "NA"]
[PlyCount "147"]
[EventDate "2020.01.26"]
[EventType "swiss"]
[EventCountry "TUR"]
[SourceTitle "playchess.com"]
[Source "ChessBase"]
[SourceQuality "1"]

1. e4 Nf6 2. Nc3 d5 3. exd5 Nxd5 4. Bc4 Nxc3 5. Qf3 e6 6. dxc3 Nc6 7. Bf4 Bd6 8. O-O-O O-O 9. h4 e5 10. Bg5 Qd7 11. Nh3 Qg4 12. Qxg4 Bxg4 13. f3 Bxh3 14. Rxh3 Rae8 15. Bd5 Kh8 16. g4 f6 17. Be3 Nd8 18. Rhh1 b6 19. c4 Ne6 20. Be4 Rd8 21. h5 Bc5 22. Bd2 a5 23. c3 Rd6 24. Kc2 h6 25. Bc1 Rfd8 26. Rd5 Kg8 27. Rhd1 Kf7 28. b3 Ke7 29. a3 Ng5 30. Bxg5 hxg5 31. b4 axb4 32. cxb4 Bd4 33. Rxd6 Kxd6 34. Kb3 c6 35. a4 c5 36. b5 Kc7 37. Rd2 Be3 38. Rh2 Bf4 39. Rh1 Rh8 40. Kc2 Rd8 41. h6 gxh6 42. Rxh6 Rd6 43. Rh7+ Kc8 44. Rf7 Bd2 45. Bd5 Bf4 46. Kd3 e4+ 47. Kxe4 Be5 48. Kf5 Bc3 49. Ra7 Kb8 50. Re7 Kc8 51. Re3 Bd4 52. Ra3 Bb2 53. Rb3 Bd4 54. a5 bxa5 55. Ra3 Kb8 56. Rxa5 Kc7 57. Ra2 Kb8 58. Rh2 Kc7 59. Rh6 Kd8 60. Rh7 Kc8 61. Rf7 Kd8 62. Be6 Rb6 63. Rxf6 Bxf6 64. Kxf6 Ke8 65. Kf5 Ke7 66. Bd5 Rf6+ 67. Kxg5 Rf8 68. f4 Kd6 69. b6 Rb8 70. b7 Rf8 71. f5 Ke5 72. Kg6 Rf6+ 73. Kg7 Rb6 74. f6 1-0

[Event "Turkey Cup 2020"]
[Site "Antalya-Belek"]
[Date "2020.01.27"]
[Round "2.61"]
[White "Ibik, Halit Yavuz"]
[Black "Kecili, Mustafa Firat"]
[Result "1/2-1/2"]
[WhiteElo "1952"]
[BlackElo "1673"]
[Annotator "NA"]
[PlyCount "113"]
[EventDate "2020.01.26"]
[EventType "swiss"]
[EventCountry "TUR"]
[SourceTitle "playchess.com"]
[Source "ChessBase"]
[SourceQuality "1"]

1. e4 c5 2. Nf3 e6 3. d4 cxd4 4. Nxd4 Nc6 5. Nc3 Qc7 6. g3 a6 7. Bg2 d6 8. Nxc6 bxc6 9. O-O e5 10. Na4 Nf6 11. c4 Be6 12. b3 Be7 13. Bb2 O-O 14. Qe1 Nd7 15. Rd1 Rab8 16. Kh1 Nb6 17. Nxb6 Qxb6 18. Bc3 Qc5 19. f4 Bg4 20. Rd3 f5 21. exf5 Bxf5 22. Re3 Bg6 23. Bxe5 Bd8 24. Ba1 Ba5 25. Re7 Bf7 26. Qf2 Qxf2 27. Rxf2 Rfe8 28. Rfe2 Rxe7 29. Rxe7 Kf8 30. Re4 d5 31. Be5 Rd8 32. Rd4 dxc4 33. Bd6+ Kg8 34. bxc4 c5 35. Bxc5 Rxd4 36. Bxd4 Bxc4 37. Bb7 Bxa2 38. Bxa6 Bd5+ 39. Kg1 g6 40. Kf2 Kf7 41. Ke3 Bd8 42. Kd3 h5 43. h3 Ba5 44. Bf2 Bc7 45. Bc4 Bxc4+ 46. Kxc4 Ke6 47. Be3 Kf5 48. Kd5 Ba5 49. Bf2 Bd2 50. Kd4 Bxf4 51. gxf4 Kxf4 52. Be1 g5 53. Kd5 h4 54. Ke6 g4 55. hxg4 h3 56. Bb4 Kxg4 57. Kd5 1/2-1/2

[Event "Turkey Cup 2020"]
[Site "Antalya-Belek"]
[Date "2020.01.27"]
[Round "2.62"]
[White "Anacak, Hasan Gunes"]
[Black "Gokbulut, Julia"]
[Result "0-1"]
[WhiteElo "1677"]
[BlackElo "1989"]
[Annotator "NA"]
[PlyCount "130"]
[EventDate "2020.01.26"]
[EventType "swiss"]
[EventCountry "TUR"]
[SourceTitle "playchess.com"]
[Source "ChessBase"]
[SourceQuality "1"]

1. e4 e6 2. d4 d5 3. Nc3 dxe4 4. Nxe4 Nd7 5. Nf3 Ngf6 6. Nxf6+ Nxf6 7. c3 c5 8. Be3 cxd4 9. Bxd4 Bd7 10. Ne5 Be7 11. Qc2 Bc6 12. Bd3 Qd5 13. f4 Bc5 14. Bc4 Qd6 15. O-O-O Bxd4 16. Rxd4 Qc7 17. Re1 O-O 18. g4 Rad8 19. Bd3 Rxd4 20. cxd4 Qa5 21. Re3 Qd5 22. Rh3 Qh1+ 23. Qd1 Qg2 24. Bf1 Qf2 25. f5 Qf4+ 26. Kb1 exf5 27. Nxc6 bxc6 28. Rf3 Qxg4 29. Bd3 Qxd4 30. Rxf5 Rd8 31. Rf3 c5 32. Qc2 Qg1+ 33. Rf1 Qe3 34. Rd1 g6 35. Qb3 Ne4 36. Bxe4 Qxe4+ 37. Ka1 Rxd1+ 38. Qxd1 h5 39. a3 Kg7 40. Qc1 Qd4 41. Qh1 h4 42. Qg2 c4 43. Qh3 a5 44. Ka2 a4 45. Qc8 Qd5 46. Ka1 g5 47. h3 Qd1+ 48. Ka2 Qb3+ 49. Ka1 c3 50. bxc3 Qxa3+ 51. Kb1 Qb3+ 52. Kc1 a3 53. Qc5 Kg6 54. Qd6+ f6 55. Qd3+ Kh6 56. Qd4 Qe6 57. Qd8 Kg6 58. Qd3+ f5 59. c4 Qe1+ 60. Kc2 Qf2+ 61. Kd1 Qg3 62. Qe2 Kf6 63. c5 Qg1+ 64. Kd2 Qd4+ 65. Kc1 Qb2+ 0-1

[Event "Turkey Cup 2020"]
[Site "Antalya-Belek"]
[Date "2020.01.27"]
[Round "2.63"]
[White "Kilic, Gokturk Kagan"]
[Black "Atayman, Evren"]
[Result "1-0"]
[WhiteElo "1923"]
[BlackElo "1596"]
[Annotator "NA"]
[PlyCount "78"]
[EventDate "2020.01.26"]
[EventType "swiss"]
[EventCountry "TUR"]
[SourceTitle "playchess.com"]
[Source "ChessBase"]
[SourceQuality "1"]

1. d4 Nf6 2. Nf3 e6 3. c4 d5 4. g3 Be7 5. Bg2 c6 6. O-O O-O 7. Nc3 dxc4 8. Ne5 Nd5 9. Nxc4 b5 10. Ne5 Bb7 11. Qc2 Nd7 12. Nxd5 cxd5 13. Nc6 Bxc6 14. Qxc6 b4 15. Bf4 Rc8 16. Qa4 Nf6 17. Qxa7 Rc2 18. Bf3 Rxb2 19. Rfc1 Bd6 20. Bg5 h6 21. Bxf6 Qxf6 22. Rc6 Bb8 23. Qc5 Rd8 24. Rc8 b3 25. axb3 Rxb3 26. Ra6 Kh7 27. Qc2+ g6 28. Rxd8 Rxf3 29. exf3 Qxd8 30. Ra8 Qc7 31. Qxc7 Bxc7 32. Ra7 Bd8 33. Rd7 Bb6 34. Rxf7+ Kg8 35. Re7 Bxd4 36. Rxe6 Bg7 37. Rxg6 d4 38. Kf1 Kf7 39. Rc6 Be5 1-0

[Event "Turkey Cup 2020"]
[Site "Antalya-Belek"]
[Date "2020.01.27"]
[Round "2.64"]
[White "Ilcin, Murat Veysi"]
[Black "Ozalp, Burak"]
[Result "0-1"]
[WhiteElo "1605"]
[BlackElo "1897"]
[Annotator "NA"]
[PlyCount "82"]
[EventDate "2020.01.26"]
[EventType "swiss"]
[EventCountry "TUR"]
[SourceTitle "playchess.com"]
[Source "ChessBase"]
[SourceQuality "1"]

1. d4 Nf6 2. c4 g6 3. Nf3 Bg7 4. Nc3 d6 5. e4 O-O 6. Be2 e5 7. dxe5 dxe5 8. Qxd8 Rxd8 9. Bg5 Re8 10. O-O c6 11. Rad1 Nbd7 12. Rd6 h6 13. Be3 Bf8 14. Rdd1 Nc5 15. Nd2 Ne6 16. Nf3 Nf4 17. Rfe1 Bb4 18. Nd2 Kg7 19. f3 Ne6 20. a3 Bc5 21. Bxc5 Nxc5 22. b4 Ne6 23. Nb3 a5 24. bxa5 Nd7 25. Na4 Nd4 26. Nxd4 Rxa5 27. Nc2 Rxa4 28. Rd6 Nc5 29. Red1 Be6 30. Rd8 Rxd8 31. Rxd8 Bxc4 32. Kf2 Bb3 33. Ne3 Rxa3 34. Ng4 Ne6 35. Rb8 Nd4 36. Ke1 Ra1+ 37. Kd2 Ra2+ 38. Kd3 Nxe2 39. Rxb7 Nc1+ 40. Kc3 Rc2+ 41. Kb4 Be6 0-1

[Event "Turkey Cup 2020"]
[Site "Antalya-Belek"]
[Date "2020.01.27"]
[Round "2.65"]
[White "Dogdu, Mehmet"]
[Black "Fazla, Onder Zafer"]
[Result "1-0"]
[WhiteElo "1914"]
[BlackElo "1646"]
[Annotator "NA"]
[PlyCount "79"]
[EventDate "2020.01.26"]
[EventType "swiss"]
[EventCountry "TUR"]
[SourceTitle "playchess.com"]
[Source "ChessBase"]
[SourceQuality "1"]

1. e4 e6 2. d4 d5 3. e5 c5 4. Nf3 Nc6 5. Bd3 cxd4 6. O-O Bd7 7. a3 a5 8. Re1 h6 9. c4 dxc3 10. bxc3 Qb8 11. Nbd2 b5 12. Rb1 b4 13. Qc2 Qa7 14. axb4 axb4 15. c4 Rc8 16. Qb2 Qa3 17. cxd5 Qxd3 18. dxc6 Bxc6 19. Re3 Qd5 20. Ne4 Bc5 21. Nxc5 Qxc5 22. Bd2 Ne7 23. Bxb4 Qa7 24. Ra3 Qb7 25. Qa1 Nd5 26. Bd6 Qd7 27. Ra7 Qd8 28. Qa6 Bd7 29. h3 Rc6 30. Qb7 f6 31. Nd4 Rc8 32. Nxe6 Bxe6 33. Qb5+ Bd7 34. Qxd5 fxe5 35. Qxe5+ Kf7 36. Qf5+ Kg8 37. Rxd7 Qf6 38. Rxg7+ Qxg7 39. Qxc8+ Kh7 40. Qf5+ 1-0

[Event "Turkey Cup 2020"]
[Site "Antalya-Belek"]
[Date "2020.01.27"]
[Round "2.66"]
[White "Yanikoglu, Omer"]
[Black "Yaylali, Adnan Dogan"]
[Result "1/2-1/2"]
[WhiteElo "1635"]
[BlackElo "1947"]
[Annotator "NA"]
[PlyCount "93"]
[EventDate "2020.01.26"]
[EventType "swiss"]
[EventCountry "TUR"]
[SourceTitle "playchess.com"]
[Source "ChessBase"]
[SourceQuality "1"]

1. Nf3 Nf6 2. d4 g6 3. c4 Bg7 4. Nc3 O-O 5. Bg5 h6 6. Bh4 d6 7. e3 g5 8. Bg3 Nh5 9. Be2 e6 10. Qc2 f5 11. O-O-O Qe7 12. Nd2 Nxg3 13. hxg3 c5 14. d5 a6 15. Kb1 b5 16. cxb5 axb5 17. Bxb5 Na6 18. a3 Bb7 19. Bc4 Nc7 20. Nf3 Rfb8 21. dxe6 Be4 22. Bd3 Rxa3 23. Kc1 Rxb2 24. Kxb2 Rxc3 25. Qxc3 Bxc3+ 26. Kxc3 Bd5 27. Kd2 Qxe6 28. Rh5 Qf6 29. Rdh1 Kg7 30. Rxh6 Qxh6 31. Rxh6 Kxh6 32. Bxf5 Kg7 33. e4 Kf6 34. g4 Bc4 35. g3 Bf1 36. Ke3 Bb5 37. Nd2 Ba6 38. f4 Bb5 39. Nf3 gxf4+ 40. gxf4 Bc6 41. g5+ Kg7 42. Bg4 d5 43. e5 d4+ 44. Nxd4 Nd5+ 45. Ke4 Nc3+ 46. Kd3 cxd4 47. Kxd4 1/2-1/2

[Event "Turkey Cup 2020"]
[Site "Antalya-Belek"]
[Date "2020.01.27"]
[Round "2.67"]
[White "Kirali, Mehmet"]
[Black "Arslanargun, Zana"]
[Result "1-0"]
[WhiteElo "1890"]
[BlackElo "1755"]
[Annotator "NA"]
[PlyCount "86"]
[EventDate "2020.01.26"]
[EventType "swiss"]
[EventCountry "TUR"]
[SourceTitle "playchess.com"]
[Source "ChessBase"]
[SourceQuality "1"]

1. d4 c5 2. d5 Nf6 3. Nc3 e5 4. e4 d6 5. g3 Be7 6. Bg2 O-O 7. Nf3 h6 8. Nd2 a6 9. a4 Bg4 10. f3 Bh5 11. Nc4 Nbd7 12. a5 b5 13. axb6 Nxb6 14. Na5 Nfd7 15. Nc6 Qe8 16. Qe2 c4 17. O-O Bg5 18. Ra2 Bxc1 19. Rxc1 Nc5 20. Rca1 Bg6 21. f4 f6 22. Rf1 Qd7 23. Bf3 Rae8 24. fxe5 fxe5 25. Raa1 Rf6 26. Rf2 Ref8 27. Raf1 Qe8 28. Na5 Nca4 29. Nxa4 Qxa4 30. Nc6 Be8 31. Ne7+ Kh7 32. Bg4 Rxf2 33. Rxf2 Rf6 34. Rxf6 gxf6 35. Bf5+ Kh8 36. Qg4 Bf7 37. Ng6+ Kg7 38. Nxe5+ Kf8 39. Nxf7 Qxc2 40. Nxd6 Qc1+ 41. Kg2 Qg5 42. Qe2 h5 43. Qf2 Nxd5 1-0

[Event "Turkey Cup 2020"]
[Site "Antalya-Belek"]
[Date "2020.01.27"]
[Round "2.68"]
[White "Gozubuyukoglu, Selami"]
[Black "Duran, Esma Doga"]
[Result "0-1"]
[WhiteElo "1716"]
[BlackElo "1877"]
[Annotator "NA"]
[PlyCount "66"]
[EventDate "2020.01.26"]
[EventType "swiss"]
[EventCountry "TUR"]
[SourceTitle "playchess.com"]
[Source "ChessBase"]
[SourceQuality "1"]

1. e4 c5 2. Nf3 e6 3. Nc3 a6 4. Be2 Nc6 5. d4 cxd4 6. Nxd4 Qc7 7. O-O Nf6 8. a4 Bb4 9. Qd3 O-O 10. Bg5 Be7 11. Nxc6 dxc6 12. a5 Ng4 13. Bxg4 Bxg5 14. g3 e5 15. Qf3 Be7 16. Ra4 Bxg4 17. Qxg4 Rad8 18. Rd1 Rxd1+ 19. Nxd1 Bc5 20. Qe2 Rd8 21. Ne3 Qd6 22. Rc4 Bb4 23. Kg2 Bxa5 24. Nf5 Qd1 25. Qe3 Qd2 26. Qc5 Bc7 27. Qe7 Bb6 28. Qxe5 Qxf2+ 29. Kh3 Qf1+ 30. Kh4 f6 31. Qe6+ Kh8 32. Nxg7 Kxg7 33. e5 Qxc4+ 0-1

[Event "Turkey Cup 2020"]
[Site "Antalya-Belek"]
[Date "2020.01.27"]
[Round "2.69"]
[White "Yasin, Hur"]
[Black "Ipek, Suat Sukru"]
[Result "1-0"]
[WhiteElo "1936"]
[BlackElo "1561"]
[Annotator "NA"]
[PlyCount "51"]
[EventDate "2020.01.26"]
[EventType "swiss"]
[EventCountry "TUR"]
[SourceTitle "playchess.com"]
[Source "ChessBase"]
[SourceQuality "1"]

1. e4 e5 2. Nf3 Nc6 3. d4 exd4 4. Bc4 h6 5. Nxd4 Nf6 6. Nxc6 bxc6 7. e5 Nh7 8. Qf3 Qe7 9. O-O Bb7 10. Re1 g5 11. Bd2 Bg7 12. Ba5 Rc8 13. Qf5 Nf8 14. Nd2 Ne6 15. Bc3 c5 16. Ne4 Bxe4 17. Rxe4 O-O 18. Bd3 Rfe8 19. h4 Rb8 20. Rg4 Rb4 21. Bxb4 cxb4 22. hxg5 Nxg5 23. f4 Qc5+ 24. Kh1 Re6 25. fxg5 hxg5 26. Qxg5 1-0

[Event "Turkey Cup 2020"]
[Site "Antalya-Belek"]
[Date "2020.01.27"]
[Round "2.70"]
[White "Cebis, Ahmet"]
[Black "Hatipli, Mehmet"]
[Result "0-1"]
[WhiteElo "1512"]
[BlackElo "1873"]
[Annotator "NA"]
[PlyCount "106"]
[EventDate "2020.01.26"]
[EventType "swiss"]
[EventCountry "TUR"]
[SourceTitle "playchess.com"]
[Source "ChessBase"]
[SourceQuality "1"]

1. e4 c5 2. c3 g6 3. d4 cxd4 4. cxd4 d5 5. exd5 Nf6 6. Bb5+ Bd7 7. Bxd7+ Qxd7 8. Nc3 Nxd5 9. Nf3 Nc6 10. O-O Bg7 11. Re1 O-O 12. Qb3 Rfd8 13. Be3 Nxc3 14. bxc3 Rac8 15. Rad1 Na5 16. Qb4 b6 17. Bg5 f6 18. Rxe7 Qd5 19. Rxg7+ Kxg7 20. Qe7+ Kg8 21. Bh6 Qf7 22. Qb4 Qxa2 23. Re1 Re8 24. Rxe8+ Rxe8 25. h3 Qe6 26. h4 Nc4 27. Qa4 a5 28. d5 Qc8 29. Nd4 Re1+ 30. Kh2 Ne5 31. f3 Nf7 32. Bf4 Qxc3 33. Ne6 Qc8 34. Qa3 Rxe6 35. dxe6 Qxe6 36. Qb2 Ne5 37. Qd4 Nd7 38. Qd2 Kg7 39. Bh6+ Kf7 40. Bf4 a4 41. Qb4 Qc6 42. Qb1 Qc4 43. Kg3 a3 44. h5 a2 45. hxg6+ hxg6 46. Qa1 Qd5 47. Qh1 Nf8 48. Qc1 g5 49. Qc7+ Nd7 50. Bd6 Ke6 51. f4 gxf4+ 52. Bxf4 a1=Q 53. Qd8 Qe1+ 0-1

[Event "Turkey Cup 2020"]
[Site "Antalya-Belek"]
[Date "2020.01.27"]
[Round "2.71"]
[White "Caner, Resul"]
[Black "Gur, Gurbuz"]
[Result "1-0"]
[WhiteElo "1932"]
[BlackElo "1292"]
[Annotator "NA"]
[PlyCount "59"]
[EventDate "2020.01.26"]
[EventType "swiss"]
[EventCountry "TUR"]
[SourceTitle "playchess.com"]
[Source "ChessBase"]
[SourceQuality "1"]

1. e4 d5 2. exd5 Qxd5 3. Nc3 Qd6 4. d4 Nf6 5. Bc4 a6 6. Nge2 Bg4 7. f3 Bf5 8. Bf4 Qd8 9. Ng3 Bg6 10. Nge4 Nbd7 11. d5 b5 12. Nxf6+ Nxf6 13. Bb3 Bf5 14. a3 g6 15. g4 Bd7 16. Qd2 c5 17. O-O-O a5 18. g5 Nh5 19. d6 e6 20. Nd5 exd5 21. Rhe1+ Be6 22. Qxd5 Ra7 23. Rxe6+ fxe6 24. Qxe6+ Be7 25. Qf7+ Kd7 26. dxe7+ Kc6 27. Qe6+ Kb7 28. exd8=Q Rxd8 29. Rxd8 Nxf4 30. Rd7+ 1-0

[Event "Turkey Cup 2020"]
[Site "Antalya-Belek"]
[Date "2020.01.27"]
[Round "2.74"]
[White "Suzan, Ufuk"]
[Black "Eryigit, Cengiz"]
[Result "1-0"]
[WhiteElo "1861"]
[BlackElo "1126"]
[Annotator "NA RC"]
[PlyCount "89"]
[EventDate "2020.01.26"]
[EventType "swiss"]
[EventCountry "TUR"]
[SourceTitle "playchess.com"]
[Source "ChessBase"]
[SourceQuality "1"]

1. e4 d6 2. d4 c5 3. Nf3 cxd4 4. Qxd4 Nc6 5. Bb5 Bd7 6. Bxc6 bxc6 7. c4 c5 8. Qd3 e5 9. Nc3 Nf6 10. Bg5 Bc6 11. Rd1 Be7 12. Bxf6 Bxf6 13. Qxd6 Qxd6 14. Rxd6 Bb7 15. Ke2 a6 16. Rhd1 O-O 17. Nd5 Bxd5 18. R6xd5 Rab8 19. b3 a5 20. Rxc5 a4 21. Rb1 axb3 22. axb3 Ra8 23. Rd5 Ra2+ 24. Rd2 Rfa8 25. Rbb2 Rxb2 26. Rxb2 g5 27. g4 h6 28. b4 Bg7 29. b5 Bf8 30. Nxe5 Bg7 31. b6 Bxe5 32. b7 Rb8 33. Rb5 Bc7 34. Kd3 Rd8+ 35. Rd5 Rb8 36. Rb5 Rd8+ 37. Kc3 Bxh2 38. Rc5 Rb8 39. Rb5 Kf8 40. Kb4 Ke7 41. Ka5 Bg1 42. Kb6 Bxf2+ 43. Kc7 Bg3+ 44. e5 Bxe5+ 45. Rxe5+ 1-0

[Event "Turkey Cup 2020"]
[Site "Antalya-Belek"]
[Date "2020.01.27"]
[Round "2.75"]
[White "Kilic, Efe Mert"]
[Black "Durmus, Kenan"]
[Result "1-0"]
[WhiteElo "2247"]
[BlackElo "1611"]
[Annotator "TA"]
[PlyCount "101"]
[EventDate "2020.01.26"]
[EventType "swiss"]
[EventCountry "TUR"]
[SourceTitle "playchess.com"]
[Source "ChessBase"]
[SourceQuality "1"]

1. Nf3 Nf6 2. c4 e6 3. g3 Be7 4. Bg2 c5 5. Nc3 Nc6 6. O-O d5 7. cxd5 exd5 8. d4 cxd4 9. Nxd4 O-O 10. b3 Nxd4 11. Qxd4 Be6 12. Bb2 Qb6 13. Qxb6 axb6 14. Rfd1 Rfd8 15. e3 Kf8 16. Nb5 Rd7 17. a4 Rc8 18. Rac1 Rc6 19. Nd4 Rcc7 20. Bf1 Rc5 21. Nxe6+ fxe6 22. Bd4 Rxc1 23. Rxc1 Bd8 24. Rc8 Ke7 25. Be5 Ng4 26. Bxg7 Rc7 27. Rxc7+ Bxc7 28. Bc3 Ne5 29. Kg2 Kf7 30. f4 Ng4 31. Bd2 Nf6 32. Bd3 e5 33. fxe5 Bxe5 34. Kf3 h5 35. Bf5 Ne8 36. h3 Kf6 37. Bd3 Nd6 38. g4 hxg4+ 39. Kxg4 Nf7 40. Be1 Nh6+ 41. Kf3 Nf5 42. h4 d4 43. Bxf5 Kxf5 44. e4+ Ke6 45. Ke2 b5 46. axb5 Kd6 47. Bb4+ Kc7 48. Bc5 b6 49. Ba3 Kd7 50. Kd3 Ke6 51. Bb2 1-0

[Event "Turkey Cup 2020"]
[Site "Antalya-Belek"]
[Date "2020.01.27"]
[Round "2.76"]
[White "Ozkan, Ervin"]
[Black "Hasanoglu, Hakan"]
[Result "1/2-1/2"]
[WhiteElo "2185"]
[BlackElo "1554"]
[Annotator "TA"]
[PlyCount "158"]
[EventDate "2020.01.26"]
[EventType "swiss"]
[EventCountry "TUR"]
[SourceTitle "playchess.com"]
[Source "ChessBase"]
[SourceQuality "1"]

1. d4 d5 2. c4 e6 3. Nf3 a6 4. e3 Nf6 5. b3 dxc4 6. Bxc4 b5 7. Be2 Bb7 8. O-O Be7 9. Bb2 O-O 10. Nbd2 Nbd7 11. Rc1 Rc8 12. Rc2 c5 13. Qa1 Qb6 14. Rfc1 Rfd8 15. dxc5 Bxc5 16. Nd4 Be7 17. a4 bxa4 18. Nc4 Qa7 19. Qxa4 Nc5 20. Qa1 Be4 21. Rd2 Qb8 22. b4 Rxd4 23. bxc5 Rxd2 24. Nxd2 Bb7 25. h3 Rxc5 26. Rxc5 Bxc5 27. Bxa6 Bxa6 28. Bxf6 gxf6 29. Qxa6 Bd6 30. Qd3 f5 31. Nf3 Qc7 32. Qd1 Qd8 33. g3 Be7 34. Qa4 Bf6 35. Qc6 Qd1+ 36. Kg2 Qd8 37. Qc4 Qb8 38. h4 h5 39. Ng1 Qa8+ 40. Kh2 Qb8 41. Ne2 Qb2 42. Qd3 Kg7 43. Kg2 Qb7+ 44. Kg1 Qf3 45. Nf4 Be5 46. Ng2 Qe4 47. Qd1 Qg4 48. Qd8 Bf6 49. Qd7 e5 50. Qd5 Qe4 51. Qd1 Qg4 52. Qd2 Qa4 53. Kh2 Qg4 54. Qd7 Qf3 55. Kg1 Qg4 56. e4 Qxe4 57. Ne3 Kg6 58. Qd6 f4 59. Nd5 Qe1+ 60. Kg2 Qe4+ 61. Kf1 Qb1+ 62. Ke2 Qc2+ 63. Kf3 Qd3+ 64. Kg2 Qe4+ 65. Kf1 Qb1+ 66. Kg2 Qe4+ 67. Kf1 Qb1+ 68. Ke2 Qc2+ 69. Ke1 Qc1+ 70. Ke2 Qc2+ 71. Kf3 Qd3+ 72. Kg2 Qe4+ 73. Kh2 fxg3+ 74. fxg3 Qe2+ 75. Kg1 Qe1+ 76. Kg2 Qe2+ 77. Kg1 Qe1+ 78. Kg2 Qe2+ 79. Kg1 Qe1+ 1/2-1/2

[Event "Turkey Cup 2020"]
[Site "Antalya-Belek"]
[Date "2020.01.27"]
[Round "2.77"]
[White "Gursu, Ahmet Burak"]
[Black "Sahin, Handenur"]
[Result "1-0"]
[WhiteElo "1297"]
[BlackElo "2024"]
[Annotator "NA"]
[PlyCount "121"]
[EventDate "2020.01.26"]
[EventType "swiss"]
[EventCountry "TUR"]
[SourceTitle "playchess.com"]
[Source "ChessBase"]
[SourceQuality "1"]

1. e4 e5 2. Nf3 Nc6 3. Bc4 Nf6 4. d3 Bc5 5. Nc3 h6 6. a3 d6 7. Na4 Bb6 8. h3 O-O 9. g4 d5 10. Nxb6 axb6 11. exd5 Nxd5 12. g5 hxg5 13. Nxg5 Bf5 14. Rg1 b5 15. Bxb5 Qf6 16. Bc4 Rad8 17. Bxd5 Rxd5 18. Qf3 Rd6 19. Be3 Nd4 20. Bxd4 Rxd4 21. Ne4 Qe6 22. Nc5 Qc8 23. O-O-O b5 24. Qg3 Bg6 25. Qxe5 Rfd8 26. Rxg6 fxg6 27. Ne6 Qd7 28. Nxd8 Qxd8 29. Qxb5 Qd6 30. Re1 Qf4+ 31. Kb1 Qxf2 32. Qe8+ Kh7 33. Qe3 Qf6 34. Qg3 c6 35. Qe5 Qh4 36. Re3 Rd5 37. Qe6 Qf2 38. b4 Rf5 39. Qe4 Rf4 40. Re2 Qg1+ 41. Re1 Qg3 42. Qh1 Rh4 43. Rg1 Qe3 44. Rg2 g5 45. Qg1 Qxg1+ 46. Rxg1 Kg6 47. Rg3 Kf5 48. c4 Rh8 49. d4 Kf4 50. Rd3 Ke4 51. Kc2 g4 52. hxg4 Rh2+ 53. Rd2 Rh3 54. d5 cxd5 55. cxd5 Rxa3 56. d6 Ra2+ 57. Kc3 Ra8 58. d7 Rd8 59. Kc4 Ke5 60. Kc5 Ke6 61. Kc6 1-0

[Event "Turkey Cup 2020"]
[Site "Antalya-Belek"]
[Date "2020.01.27"]
[Round "2.78"]
[White "Erdogan, Atakan"]
[Black "Karakaya, Mehmet"]
[Result "1-0"]
[WhiteElo "1901"]
[BlackElo "1367"]
[Annotator "NA"]
[PlyCount "85"]
[EventDate "2020.01.26"]
[EventType "swiss"]
[EventCountry "TUR"]
[SourceTitle "playchess.com"]
[Source "ChessBase"]
[SourceQuality "1"]

1. e4 c5 2. Nc3 g6 3. g3 Bg7 4. Bg2 d6 5. f4 e6 6. Nf3 Ne7 7. O-O O-O 8. d3 Nbc6 9. Be3 Bd7 10. Qd2 Rc8 11. Nb5 Be8 12. c3 a6 13. Na3 b5 14. e5 f6 15. exd6 Qxd6 16. Qf2 Na5 17. Rad1 Nd5 18. Bc1 b4 19. Nc4 Qc7 20. Nxa5 Qxa5 21. c4 Ne7 22. b3 Bc6 23. d4 cxd4 24. Nxd4 Bxg2 25. Kxg2 Qb6 26. Be3 e5 27. Nf3 Qc6 28. Kg1 Nf5 29. Rd5 Rfd8 30. Rfd1 Rxd5 31. Rxd5 Ne7 32. Rc5 Qe8 33. fxe5 fxe5 34. Rxc8 Qxc8 35. Qd2 e4 36. Ng5 Bc3 37. Qd6 Nf5 38. Qd5+ Kh8 39. Bf4 e3 40. Be5+ Bxe5 41. Qxe5+ Kg8 42. g4 Qd8 43. Qd5+ 1-0

[Event "Turkey Cup 2020"]
[Site "Antalya-Belek"]
[Date "2020.01.27"]
[Round "2.79"]
[White "Seb, Ozgur"]
[Black "Demirbas, Emre"]
[Result "0-1"]
[WhiteElo "1573"]
[BlackElo "1944"]
[Annotator "NA"]
[PlyCount "78"]
[EventDate "2020.01.26"]
[EventType "swiss"]
[EventCountry "TUR"]
[SourceTitle "playchess.com"]
[Source "ChessBase"]
[SourceQuality "1"]

1. e4 c5 2. Nf3 e6 3. d3 Nc6 4. g3 d5 5. Nbd2 Nf6 6. Bg2 Be7 7. O-O b6 8. c3 Bb7 9. Qc2 Qc7 10. Re1 a6 11. h3 b5 12. d4 cxd4 13. cxd4 Rc8 14. Kf1 Qb6 15. Qb3 Nxd4 16. Nxd4 Qxd4 17. exd5 Bxd5 18. Bxd5 Qxd5 19. Qxd5 Nxd5 20. Ne4 O-O 21. Be3 Nxe3+ 22. Rxe3 Rfd8 23. Rae1 Rc2 24. R1e2 Rdc8 25. f4 Rxe2 26. Rxe2 f5 27. Nf2 Kf7 28. Nd3 Bf6 29. Kf2 a5 30. Kf3 Rd8 31. Nc5 Rd6 32. Nb3 Rd3+ 33. Kg2 a4 34. Nc5 Rd6 35. g4 g6 36. a3 Rc6 37. Nd3 h6 38. g5 hxg5 39. fxg5 Rd6 0-1

[Event "Turkey Cup 2020"]
[Site "Antalya-Belek"]
[Date "2020.01.27"]
[Round "2.80"]
[White "Demir, Bilal"]
[Black "Uzunoglu, Yusuf"]
[Result "1-0"]
[WhiteElo "1964"]
[BlackElo "1270"]
[Annotator "NA"]
[PlyCount "55"]
[EventDate "2020.01.26"]
[EventType "swiss"]
[EventCountry "TUR"]
[SourceTitle "playchess.com"]
[Source "ChessBase"]
[SourceQuality "1"]

1. d4 g6 2. e4 d6 3. Nc3 Bg7 4. Be3 Nf6 5. f3 O-O 6. Qd2 Nbd7 7. O-O-O e5 8. d5 a5 9. h4 Nc5 10. Bh6 Bd7 11. g4 Rb8 12. Nge2 b5 13. Ng3 a4 14. h5 b4 15. Nb1 b3 16. cxb3 axb3 17. a3 Bb5 18. Bxb5 Rxb5 19. Nc3 Rb6 20. Bxg7 Kxg7 21. hxg6 fxg6 22. Qh6+ Kh8 23. g5 Nh5 24. Nxh5 gxh5 25. Rxh5 Qe7 26. Rdh1 Rxf3 27. g6 Rb8 28. Qd2 1-0

[Event "Turkey Cup 2020"]
[Site "Antalya-Belek"]
[Date "2020.01.27"]
[Round "2.82"]
[White "Sarac, Mehmet Ali"]
[Black "Oz, Dindar"]
[Result "1-0"]
[WhiteElo "1804"]
[BlackElo "1603"]
[Annotator "NA"]
[PlyCount "45"]
[EventDate "2020.01.26"]
[EventType "swiss"]
[EventCountry "TUR"]
[SourceTitle "playchess.com"]
[Source "ChessBase"]
[SourceQuality "1"]

1. d4 d5 2. Bf4 c5 3. e3 Nf6 4. c3 Qb6 5. Qb3 c4 6. Qc2 Nc6 7. Nd2 g6 8. f3 Nh5 9. Bg5 Qc7 10. Ne2 f6 11. Bf4 Nxf4 12. Nxf4 Qd6 13. b3 Bf5 14. e4 Qxf4 15. exf5 Qe3+ 16. Be2 Bh6 17. Nf1 Qg5 18. Ng3 cxb3 19. Qxb3 Qd2+ 20. Kf1 O-O-O 21. Rd1 Na5 22. Qa3 Nc4 23. Qc5+ 1-0

[Event "Turkey Cup 2020"]
[Site "Antalya-Belek"]
[Date "2020.01.27"]
[Round "2.83"]
[White "Kalinoglu, Yagiz"]
[Black "Kisadere, Kutay"]
[Result "0-1"]
[WhiteElo "1304"]
[BlackElo "1831"]
[Annotator "NA"]
[PlyCount "118"]
[EventDate "2020.01.26"]
[EventType "swiss"]
[EventCountry "TUR"]
[SourceTitle "playchess.com"]
[Source "ChessBase"]
[SourceQuality "1"]

1. e4 c5 2. Nf3 Nc6 3. Bb5 e6 4. Bxc6 bxc6 5. O-O Ne7 6. Re1 Ng6 7. e5 d6 8. d3 Rb8 9. Nbd2 d5 10. b3 Be7 11. Bb2 O-O 12. c4 f6 13. Qc2 Bd7 14. Rad1 Qc7 15. Nf1 f5 16. Rc1 d4 17. Qe2 a5 18. Rb1 a4 19. Qd1 Qa7 20. N1d2 Nf4 21. Qc2 g5 22. g3 Ng6 23. Kg2 Qc7 24. bxa4 g4 25. Ng1 Nxe5 26. Nb3 f4 27. Ba3 fxg3 28. hxg3 Nf3 29. Re4 e5 30. Bxc5 Bf5 31. Re2 Rxb3 32. axb3 Bxc5 33. b4 Qf7 34. bxc5 Qh5 35. Kf1 Qh1 36. Ree1 Qxg1+ 37. Ke2 Nxe1 38. Rxe1 Bxd3+ 39. Qxd3 Qxf2+ 40. Kd1 Rf3 41. Qb1 Qxg3 42. Qb8+ Rf8 43. Qxe5 Qd3+ 44. Kc1 Qxc4+ 45. Kd1 Qxa4+ 46. Kc1 Qa1+ 47. Kd2 Rf2+ 48. Re2 Rxe2+ 49. Qxe2 Qb2+ 50. Ke1 Qxe2+ 51. Kxe2 h5 52. Kf2 h4 53. Kg2 d3 54. Kf2 g3+ 55. Kg2 d2 56. Kh3 d1=Q 57. Kg2 Qg4 58. Kg1 Qe2 59. Kh1 Qh2# 0-1